Najbardziej suche państwa w Europie - Statystyki

Ogólne statystyki
  • Ten quiz został rozwiązany 102 razy
  • Średni wynik to 10 z 15
Statystyki odpowiedzi
odpowiedź wynik % Poprawnych
2 Hiszpania 23%
94%
8 Portugalia 14%
94%
7 Grecja 14%
88%
12 Włochy 10%
88%
10 Francja 10%
81%
14 Albania 9%
74%
1 Turcja 26%
73%
15 Malta 8%
72%
9 Chorwacja 10%
70%
13 Macedonia Północna 10%
63%
5 Rosja 18%
58%
6 Cypr 14%
57%
11 Gruzja 10%
45%
3 Armenia 19%
40%
4 Azerbejdżan 18%
34%
Nie znaleziono quizów pasujących do podanych kryteriów
Rozkład punktacji
Procent ludzi z każdym wynikiem
Percentyl według liczby udzielonych odpowiedzi
Twoja historia wyników
Nie rozwiązałeś tego quizu